Overview of foreign assistance : hearings before the Subcommittees on International Economic Policy, Trade, Oceans, and Environment; African Affairs; and East Asian and Pacific Affairs of the Committee on Foreign Relations, United States Senate, One Hundred Second Congress, first session, March 13; April 11, 23; and May 16, 17, 1991.

Bibliographic Details
Corporate Authors: United States. Congress. Senate. Committee on Foreign Relations. Subcommittee on International Economic Policy, Trade, Oceans, and Environment, ProQuest (Firm), United States. Congress. Senate. Committee on Foreign Relations. Subcommittee on African Affairs, United States. Congress. Senate. Committee on Foreign Relations. Subcommittee on East Asian and Pacific Affairs
Format: Government Document eBook
Language:English
Published: Washington : U.S. G.P.O., 1991.
Series:U.S. Congressional Hearings.
Subjects:
Online Access:Connect to the full text of this electronic book

MARC

Tag First Indicator Second Indicator Subfields
LEADER 00000cam a22000001a 4500
001 in00003290566
006 m d f
007 cr bn mmmapmmp
008 091022s1991 dcua ob f000 0 eng d
005 20260511211809.0
035 |a cis2007459331 
040 |a UMI  |c UMI  |d UtOrBLW 
043 |a n-us--- 
074 |a 1039-A, 1039-B (MF) 
086 0 |a Y 4.F 76/2:S.hrg.102-111 
099 |a HRG-1991-FOR-0012 
110 1 |a United States.  |b Congress.  |b Senate.  |b Committee on Foreign Relations.  |b Subcommittee on International Economic Policy, Trade, Oceans, and Environment. 
245 1 0 |a Overview of foreign assistance :  |b hearings before the Subcommittees on International Economic Policy, Trade, Oceans, and Environment; African Affairs; and East Asian and Pacific Affairs of the Committee on Foreign Relations, United States Senate, One Hundred Second Congress, first session, March 13; April 11, 23; and May 16, 17, 1991. 
264 1 |a Washington :  |b U.S. G.P.O.,  |c 1991. 
300 |a 1 online resource. 
336 |a text  |b txt  |2 rdacontent 
337 |a computer  |b c  |2 rdamedia 
338 |a online resource  |b cr  |2 rdacarrier 
490 1 |a S. hrg. ;  |v 102-111 
500 |a Record is based on bibliographic data in ProQuest Congressional Hearings Digital Collection. Reuse except for individual research requires license from ProQuest, LLC. 
504 |a Includes bibliographical references. 
538 |a System requirements: PDF reader software. 
500 |a Electronic resource. 
650 0 |a Economic assistance, American. 
650 0 |a Military assistance, American. 
650 0 |a Technical assistance, American. 
655 7 |a Electronic books.  |2 local 
710 2 |a ProQuest (Firm) 
710 1 |a United States.  |b Congress.  |b Senate.  |b Committee on Foreign Relations.  |b Subcommittee on African Affairs. 
710 1 |a United States.  |b Congress.  |b Senate.  |b Committee on Foreign Relations.  |b Subcommittee on East Asian and Pacific Affairs. 
776 0 8 |i Print version:  |a United States. Congress. Senate. Committee on Foreign Relations. Subcommittee on International Economic Policy, Trade, Oceans, and Environment  |t Overview of foreign assistance  |w (DGPO)91083982  |w (OCoLC)24278750 
776 0 8 |i Microfiche version:  |a United States. Congress. Senate. Committee on Foreign Relations. Subcommittee on International Economic Policy, Trade, Oceans, and Environment  |t Overview of foreign assistance.  |d [Bethesda, Md.] : ProQuest,[2004]  |o CIS 91 S381-38  |w (ProQuest)cis09102368 
810 1 |a United States.  |b Congress.  |b Senate.  |t S. hrg. ;  |v 102-111. 
830 0 |a U.S. Congressional Hearings. 
856 4 0 |u http://proxy.library.tamu.edu/login?url=https://congressional.proquest.com/congcomp/getdoc?HEARING-ID=HRG-1991-FOR-0012  |z Connect to the full text of this electronic book  |t 0 
998 |a cis09102368 
999 |a MARS 
999 f f |s bbe12113-7855-3ba3-8482-067bb0bb9982  |i a7427728-ff1f-325a-80e4-e9a4a14e5dd2  |t 0 
952 f f |a Texas A&M University  |b College Station  |c Electronic Resources  |s www_evans  |d Available Online  |t 0  |e HRG-1991-FOR-0012  |h Other scheme 
998 f f |a HRG-1991-FOR-0012  |t 0  |l Available Online